LEADER 03495nam 2200661Ia 450 001 9910461117103321 005 20200520144314.0 010 $a1-280-48856-5 010 $a9786613583796 010 $a0-8157-2238-9 035 $a(CKB)2670000000175204 035 $a(EBL)951454 035 $a(OCoLC)830170678 035 $a(SSID)ssj0000647222 035 $a(PQKBManifestationID)11404336 035 $a(PQKBTitleCode)TC0000647222 035 $a(PQKBWorkID)10593861 035 $a(PQKB)10110493 035 $a(MiAaPQ)EBC951454 035 $a(OCoLC)793207331 035 $a(MdBmJHUP)muse35068 035 $a(Au-PeEL)EBL951454 035 $a(CaPaEBR)ebr10555821 035 $a(CaONFJC)MIL358379 035 $a(EXLCZ)992670000000175204 100 $a20120319d2012 uy 0 101 0 $aeng 135 $aur|n|---||||| 181 $ctxt 182 $cc 183 $acr 200 00$aPorts in a storm$b[electronic resource] $epublic management in a turbulent world /$fJohn D. Donahue and Mark H. Moore, editors 210 $aWashington, D.C. $cBrookings Institution Press$dc2012 215 $a1 online resource (233 p.) 300 $aDescription based upon print version of record. 311 $a0-8157-2237-0 320 $aIncludes bibliographical references and index. 327 $aIntroduction : on management and metaphor / John D. Donahue and Mark H. Moore -- Sea change : rewriting the rules for port security after September 11 / Pamela Varley -- Unraveling a risk-management challenge / Malcolm K. Sparrow -- Portstat : how the Coast guard could use the PerformanceStat leadership strategy to improve port security / Robert D. Behn -- Pursuing public value : frameworks for strategic analysis and action / Herman B. Leonard and Mark H. Moore -- The tummler's task : a collaborative conception of port protection / John D. Donahue and Richard J. Zeckhauser -- Toward a higher purpose : Captain Englebert navigates the choppy waters of network governance / Stephen Goldsmith -- Improving port security : a twenty-first-century government approach / Elaine C. Kamarck -- Calling publics into existence : the political arts of public management / Mark H. Moore and Archon Fung. 330 $aIn Ports in a Storm a team of Harvard Kennedy School scholars focus diverse conceptual lenses on a single high-stakes management task-enhancing port security across the United States. Their aims are two: to understand how a public manager might confront that complex undertaking, and to explore the similarities, differences, and complementarities of their alternative approaches to public management.The book takes as its pivot point the singular case of U.S. Coast Guard CaptainSuzanne Englebert and her leadership of efforts to secure America's ports after theSeptember 11 attack 606 $aHarbors$xManagement 606 $aMarine terminals$xManagement 606 $aHarbors$xSecurity measures 606 $aMarine terminals$xSecurity measures 608 $aElectronic books. 615 0$aHarbors$xManagement. 615 0$aMarine terminals$xManagement. 615 0$aHarbors$xSecurity measures. 615 0$aMarine terminals$xSecurity measures. 676 $a387.1068 701 $aDonahue$b John D$0299990 701 $aMoore$b Mark Harrison$0985787 801 0$bMiAaPQ 801 1$bMiAaPQ 801 2$bMiAaPQ 906 $aBOOK 912 $a9910461117103321 996 $aPorts in a storm$92447056 997 $aUNINA LEADER 03184oam 2200589zu 450 001 996339084703316 005 20221206104529.0 010 $a1-56286-570-6 010 $a1-78268-791-2 035 $a(CKB)3400000000021077 035 $a(SSID)ssj0000379944 035 $a(PQKBManifestationID)12152729 035 $a(PQKBTitleCode)TC0000379944 035 $a(PQKBWorkID)10372297 035 $a(PQKB)10769404 035 $a(CaSebORM)9781562865122 035 $a(MiAaPQ)686477 035 $a(EXLCZ)993400000000021077 100 $a20160829d2008 uy 101 0 $aeng 135 $aurunu||||| 181 $ctxt 182 $cc 183 $acr 200 00$aASTD Handbook for Workplace Learning Professionals 205 $a1st edition 210 31$a[Place of publication not identified]$cAmerican Society for Training & Development$d2008 215 $a1 online resource (1 v.) $cill 300 $aBibliographic Level Mode of Issuance: Monograph 311 $a1-56286-512-9 320 $aIncludes bibliographical references and index. 327 $aLearning in the workplace -- Assessing the analyzing needs -- Designing and developing effective learning -- Face-to-face delivery, as important as ever -- Delivering technology-enabled learning -- Measuring and evaluating impact -- Organizational level applications -- Managing the learning and performance function -- The WLP professional. 330 $a?Authoritative, complete, and current, the ASTD Handbook for Workplace Learning Professionals is an easy-to-use, must-have reference tool for all learning professionals. This 'go to' resource and reference guide, edited by Elaine Biech, is packed full of key methodologies, practices, and procedures on every topic including training design and delivery, analyzing needs, measurement and evaluation, e-learning, organization development, managing the learning function, and human performance improvement. The ASTD Handbook brings together authors who represent the best practitioners in the field, authorities to present the most critical information to professionals. Contributors include Bill Wiggenhorn, Geary Rummler, Robert Mager, Bill Byham, Elliot Masie, Donald Kirkpatrick, John Cone, Donnee Ramelli, Tony Bingham, and other industry leaders. Included in this volume are a complete glossary and a CD-ROM with supporting worksheets and tools.? Note: CD-ROM is not available for this title. 606 $aEmployees$xTraining of 606 $aEmployees$xTraining of$xComputer-assisted instruction 606 $aMarketing & Sales$2HILCC 606 $aCommerce$2HILCC 606 $aBusiness & Economics$2HILCC 615 0$aEmployees$xTraining of 615 0$aEmployees$xTraining of$xComputer-assisted instruction 615 7$aMarketing & Sales 615 7$aCommerce 615 7$aBusiness & Economics 676 $a658.3124 700 $aBiech$b Elaine$0859087 702 $aBiech$b Elaine 712 02$aAmerican Society for Training and Development 801 0$bPQKB 906 $aBOOK 912 $a996339084703316 996 $aASTD Handbook for Workplace Learning Professionals$92400545 997 $aUNISA LEADER 01939nas 2200577-a 450 001 996398436403316 005 20240112213020.0 011 $a1758-6860 035 $a(DE-599)ZDB2029696-4 035 $a(OCoLC)45490637 035 $a(CKB)963017758184 035 $a(CONSER)---00253559- 035 $a(EXLCZ)99963017758184 100 $a20001206a19959999 s-- a 101 0 $aeng 135 $aurcn||||||||| 181 $ctxt$2rdacontent 182 $cc$2rdamedia 183 $acr$2rdacarrier 200 10$aTeam performance management 210 $aBradford, England $cMCB University Press$d1995- 210 3 $aBingley $cEmerald 300 $aTitle from introductory page, viewed Aug. 15, 2002. 311 $a1352-7592 531 $aTEAM PERFORMANCE MANAGEMENT AN INTERNATIONAL JOURNAL 606 $aTeams in the workplace$vPeriodicals 606 $aEmployee empowerment$vPeriodicals 606 $aManagement$xEmployee participation$vPeriodicals 606 $aPublications périodiques$2eclas 606 $aGestion du personnel$2eclas 606 $aTravail d'équipe$2eclas 606 $aEmployee empowerment$2fast$3(OCoLC)fst00908969 606 $aManagement$xEmployee participation$2fast$3(OCoLC)fst01007168 606 $aTeams in the workplace$2fast$3(OCoLC)fst01144679 608 $aPeriodicals.$2fast 610 1 $aOrganisations$aTeams$aManagement 615 0$aTeams in the workplace 615 0$aEmployee empowerment 615 0$aManagement$xEmployee participation 615 7$aPublications périodiques. 615 7$aGestion du personnel. 615 7$aTravail d'équipe. 615 7$aEmployee empowerment. 615 7$aManagement$xEmployee participation. 615 7$aTeams in the workplace. 676 $a658.4036 712 02$aMCB University Press. 906 $aJOURNAL 912 $a996398436403316 996 $aTeam performance management$91759174 997 $aUNISA LEADER 03730oam 2200577I 450 001 9910831873603321 005 20241107101230.0 010 $a9781317149521 010 $a1317149521 010 $a9781315577609 010 $a1315577607 010 $a9781472470690 010 $a1472470699 024 7 $a10.4324/9781315577609 035 $a(CKB)3710000001060011 035 $a(MiAaPQ)EBC4809803 035 $a(OCoLC)974670906 035 $a(ScCtBLL)36cba1ca-9c51-4ad7-8d26-b77e6459d677 035 $a(ODN)ODN0004171115 035 $a(EXLCZ)993710000001060011 100 $a20180706d2017 uy 0 101 0 $aeng 135 $aurcnu|||||||| 181 $2rdacontent 182 $2rdamedia 183 $2rdacarrier 200 00$aDisplaced archives /$fedited by James Lowry 205 $a1 ed. 210 $d2017 210 1$aLondon ;$aNew York :$cRoutledge,$d2017. 215 $a1 online resource (239 pages) 311 08$a1-4724-7070-2 311 08$a1-317-14953-X 320 $aIncludes bibliographical references at the end of each chapters and index. 327 $a1. Archives seizures : the evolution of international law / Charles Kecskemeti -- 2. Making sovereignty and affirming modernity in the archives of decolonisation : the Algeria-France 'dispute' between the post-decolonisation French and Algerian republics, 1962-2015 / Todd Shepard -- 3. Displaced archives in the National Archives of the United Kingdom / Mandy Banton -- 4. Indonesian national revolution records in the national archives of the Netherlands / Michael Karabinos -- 5. Hiding the colonial past? A comparison of European archival policies / Vincent Hiribarren -- 6. Expatriate archives revisited / Timothy Lovering -- 7. A proposal for action on African archives in Europe / Nathan Mnjama and James Lowry -- 8. Displaced archives in the wake of wars / Leopold Auer -- 9. Pan-European displaced archives in the Russian Federation : still prisoners of war on the 70th anniversary of V-E Day / Patricia Kennedy Grimsted -- 10. Iraq and Kuwait : the seizure and destruction of historical patrimony / Bruce Montgomery -- 11. Networking records in their diaspora : a reconceptualisation of 'displaced records' in a postnational world / Anne J. Gilliland -- 12. Revisiting the law and politics of compromise / Douglas Cox. 330 $aDisplaced archives have long been a problem and their existence continues to trouble archivists, historians and government officials. Displaced Archives brings together leading international experts to comprehensively explore the current state of affairs for the first time. Drawing on case studies from around the world, the authors examine displaced archives as a consequence of conflict and colonialism, analysing their impact on government administration, nation building, human rights and justice. Renewed action is advocated through considerations of the legal approaches to repatriation, the role of the international archival community, 'shared heritage' approaches and other solutions. The volume offers new theoretical, technical and political insights and will be essential reading for practitioners, academics and students in the field of archives, cultural property and heritage management, as well as history, politics and international relations. 606 $aHistorians 606 $aArchivists 615 0$aHistorians. 615 0$aArchivists. 676 $a907.202 686 $aLAN025000$2bisacsh 700 $aLowry$b James 701 $aLowry$b James$f1978-$01621003 801 0$bMiAaPQ 801 1$bMiAaPQ 801 2$bMiAaPQ 906 $aBOOK 912 $a9910831873603321 996 $aDisplaced archives$94273428 997 $aUNINA LEADER 07361oam 2200913 c 450 001 9910642293803321 005 20260302090207.0 010 $a3-8394-5845-5 024 7 $a10.1515/9783839458457 035 $a(CKB)5590000000487016 035 $a(DE-B1597)583078 035 $a(DE-B1597)9783839458457 035 $a(MiAaPQ)EBC6644475 035 $a(Au-PeEL)EBL6644475 035 $a(OCoLC)1257666155 035 $a(transcript Verlag)9783839458457 035 $a(ScCtBLL)0ba8a723-b2a4-494b-a52a-26f36356c907 035 $a(Perlego)2516466 035 $a(EXLCZ)995590000000487016 100 $a20260302d2021 uy 0 101 0 $ager 135 $aur||#|||||||| 181 $ctxt$2rdacontent 182 $cc$2rdamedia 183 $acr$2rdacarrier 200 14$aDer Körper als Vermittler zwischen Musik und (all)täglicher Lebenswelt$eDistanzauslotungen am Beispiel ausgewählter Werke der Neuen Musik$fKarolin Schmitt-Weidmann 205 $a1st ed. 210 $aBielefeld$ctranscript Verlag$d2021 215 $a1 online resource (350 p.) 225 0 $aMusik und Klangkultur 311 08$a3-8376-5845-7 327 $aFrontmatter 1 Inhalt 5 Vorwort 7 1. Der Begriff der a?sthetischen Erfahrung im Fokus von Kunstdefinitionen 13 2. A?sthetische Erfahrung versus allta?gliche Erfahrung? 23 3. A?sthetische Erfahrung in außerku?nstlerischen Bereichen 27 4. A?sthetisches Erleben als »Versunkenheit in fokussierte Intensita?t« - Hans Ulrich Gumbrecht 30 5. Das »Erscheinen« als Brennpunkt a?sthetischer Wahrnehmung - Martin Seel 35 6. Kunst jenseits a?sthetischer Erfahrungen? 38 7. Das »Reale« in der Kunst 40 8. Institutionelle Rahmungen als kunstdefinitorische Grundlage 50 9. »Kunst als menschliche Praxis« - Georg W. Bertram 53 10. A?sthetische Erfahrung als Schwellenerfahrung 54 1. Exposition am Beispiel der kompositorischen Poetik Robin Hoffmanns 61 2. Der Begriff der ku?nstlerischen Verko?rperung 66 3. Werk und Ko?rper - Ko?rper als Werk? 70 4. Pra?senz und Gegenwa?rtigkeit 75 5. Zu einer A?sthetik des Erscheinens - Martin Seel 79 6. Bezugsebenen und Projektionsfla?chen ko?rperlicher und lebensweltlicher Betrachtungen zwischen Natur und Kultur 83 7. Wahrnehmungsprozesse im Rahmen einer Pra?senzkultur 86 8. Facetten des Alltags 98 9. Ko?rperwahrnehmungen in performativen Ra?umen 107 10. Ko?rperwahrnehmungen in der Zeit 110 1. Sport im Konzertsaal - Musik in der Turnhalle Erwartungsbru?che und Transformationsprozesse in Annesley Blacks Smooche de la Rooche II (2007), Schla?germusik (2010), Flowers of Carnage (2013/2014) sowie Annesley Black/ Margit Sade-Lehni: score symposium (2018) 117 2. Auf dem eigenen Ko?rper Aktive und passive Ko?rperwahrnehmungen am Beispiel der Bodypercussion-Stu?cke ?Corporel (1985) von Vinko Globokar, An-Sprache (2000) von Robin Hoffmann und Hirn & Ei (2010/2011) von Carola Bauckholt 134 3. Komponierte Bewegungen als a?sthetischer Forschungsprozess am Beispiel der Organkomposition Ko?rper-Sprache (1979/1980) von Dieter Schnebel 159 4. »Mit letztem Atem« Ko?rperliche Grenzerfahrungen am Beispiel von »(t)air(e)« fu?r Flo?te solo (1980/1983) von Heinz Holliger 187 5. Der Herzschlag als Dirigent Heinz Holligers Cardiophonie fu?r Oboe und drei Magnetophone (1971) und Cathy van Ecks Double Beat - a performance for plastic bags, breath, two heart beats and electronics (2013) 200 6. »kunst ist eine schlimme sache« Ko?rperliche Grenzerfahrungen und Behinderungen in Seiltanz (1982) und anderen Werken von Hans-Joachim Hespos 208 IV. Fazit: Der Ko?rper als Vermittler 249 Print 267 Online 286 Auffu?hrungsmaterialien 288 1. Interview mit Dieter Schnebel vom 9. Juli 2016 in Hofgeismar 291 2. Interview mit Robin Hoffmann vom 15. Oktober 2016 in Frankfurt a.M. 298 3. Interview mit Annesley Black vom 15. Oktober 2016 in Frankfurt a.M. 304 4. Interview mit Vinko Globokar vom 10. Februar 2017 in Paris 315 5. Interview mit Heinz Holliger vom 16. Dezember 2017 in Basel 322 6. Interview mit Hans-Joachim Hespos vom 16. September 2018 in Ganderkesee 330 7. Interview mit Cathy van Eck vom 12. November 2018 per Skype 338 8. Telefoninterview mit Annesley Black vom 13. Mai 2019 344 330 $aDie künstlerische Hinwendung zu Phänomenen des täglichen Lebens in Verbindung mit der aufkommenden Ästhetisierung des Alltagslebens hat seit den 1960er Jahren zu einer Neubetrachtung des Verhältnisses zwischen Kunst und Nicht-Kunst geführt. In diesem Zusammenhang kommt dem spezifischen Einsatz des Musikerkörpers eine Schlüsselfunktion zu. Karolin Schmitt-Weidmann leitet aus ihm Distanzauslotungen zwischen Kunst und Nicht-Kunst ab und eruiert diese anhand von konkreten Werkbeispielen. Dafür greift sie zurück auf hier erstmalig veröffentlichte Interviews mit Annesley Black, Cathy van Eck, Dieter Schnebel, Vinko Globokar, Hans-Joachim Hespos, Robin Hoffmann und Heinz Holliger zum Verhältnis von Kunst und Lebenswelt. 330 1 $aBesprochen indas Orchester, 5 (2023), Roland Dippel 330 1 $a»Schmitt-Weidmann legt ein komplexes Werk vor, das neben ausführlicher Theorie ebenso ausführliche praktische Erörterungenbietet. Zwei Zielgruppen sind denkbar: Musiker*innen, die sich im Kontext Neuer Musik bewegen, sowie Rezipienten Neuer Musik, dienoch tiefer in den speziellen Duktus dieser Musikepoche eindringen wollen. Auch musikphilosophisch ist der vorliegende Band eine gewinnbringende Lektüre.« 330 1 $a»Karolin Schmitt-Weidmann [liefert] einen substanziellen Beitrag zu methodisch übergreifend konzipierten, ebenso theoretisch wie (aufführungs-)praktisch fundierten Analysen von künstlerischen Gestaltungen, die an der Schnittstelle von (neuer) Musik und Performance lokalisiert sind.« 410 0$aMusik und Klangkultur 517 2 $aSchmitt-Weidmann, Der Körper als Vermittler$eDistanzauslotungen am Beispiel ausgewählter Werke der Neuen Musik 606 $aNeue Musik 606 $aNew Music 606 $aKörper 606 $aBody 606 $aPerformativität 606 $aPerformativity 606 $aÄsthetik 606 $aAesthetics 606 $aConcept of Art 606 $aKunstbegriff 606 $aMusik 606 $aMusic 606 $aKlang 606 $aSound 606 $aMusikwissenschaft 606 $aMusicology 615 4$aNeue Musik 615 4$aNew Music 615 4$aKörper 615 4$aBody 615 4$aPerformativität 615 4$aPerformativity 615 4$aÄsthetik 615 4$aAesthetics 615 4$aConcept of Art 615 4$aKunstbegriff 615 4$aMusik 615 4$aMusic 615 4$aKlang 615 4$aSound 615 4$aMusikwissenschaft 615 4$aMusicology 686 $aLR 56828$qSEPA$2rvk 700 $aSchmitt-Weidmann$b Karolin$p

Karolin Schmitt-Weidmann, Universität Kassel, Deutschland

$4aut$01276769 712 02$aBoehringer Ingelheim Stiftung$4fnd$4http://id.loc.gov/vocabulary/relators/fnd 801 0$bDE-B1597 801 1$bDE-B1597 906 $aBOOK 912 $a9910642293803321 996 $aDer Ko?rper als Vermittler zwischen Musik und (all)ta?glicher Lebenswelt$93008953 997 $aUNINA